书目信息 |
| 题名: |
金匮要略白话速学
|
|
| 作者: | 肖碧跃 主编 | |
| 分册: | ||
| 出版信息: | 北京 化学工业出版社 2020.8 |
|
| 页数: | 288页 | |
| 开本: | 24cm | |
| 丛书名: | ||
| 单 册: | ||
| 中图分类: | R222.32 | |
| 科图分类: | ||
| 主题词: | ||
| 电子资源: | ||
| ISBN: | 978-7-122-29753-2 | |
| 000 | 01049nam0 2200241 45 | |
| 001 | 012001002864 | |
| 005 | 20141010103445.0 | |
| 010 | @a978-7-122-29753-2@b精装@dCNY59.00 | |
| 100 | @a20170814d2017 em y0chiy50 ea | |
| 101 | 0 | @achi |
| 102 | @aCN@b110000 | |
| 105 | @ay z 000yy | |
| 106 | @ar | |
| 200 | 1 | @a金匮要略白话速学@Ajin kui yao lue bai hua su xue@f肖碧跃主编 |
| 210 | @a北京@c化学工业出版社@d2020.8 | |
| 215 | @a288页@d24cm | |
| 300 | @a中医四大经典入门读本/何清湖主编 | |
| 330 | @a本书以通俗易懂的白话逐句翻译原文,读者既能体会经典的诊疗思维,又可以快速把握经典原文的含义。分析速记部分以图表的形式提炼要点,一目了然、便于读者记忆;方解与临床运用旨在解析方药的配伍及加减特点,提炼方证临床应用的基本要点,启迪读者临床思路,快速掌握方证的临床运用;名医医案部分节选名医运用经方治疗疑难杂病的典型医案,拉近读者与临床的距离,培养读者的中医临床思维。 | |
| 605 | @a《金匮要略方论》@x注释 | |
| 690 | @aR222.32@v5 | |
| 701 | 0 | @a肖碧跃@Axiao bi yue@c(女)@4主编 |
| 801 | 2 | @aCN@bBJSDL@c20211018 |
| 905 | @b1350619-21@dR222.32@e598@f3 | |
| 金匮要略白话速学/肖碧跃主编.-北京:化学工业出版社,2020.8 |
| 288页;24cm |
| 中医四大经典入门读本/何清湖主编 |
| ISBN 978-7-122-29753-2(精装):CNY59.00 |
| 本书以通俗易懂的白话逐句翻译原文,读者既能体会经典的诊疗思维,又可以快速把握经典原文的含义。分析速记部分以图表的形式提炼要点,一目了然、便于读者记忆;方解与临床运用旨在解析方药的配伍及加减特点,提炼方证临床应用的基本要点,启迪读者临床思路,快速掌握方证的临床运用;名医医案部分节选名医运用经方治疗疑难杂病的典型医案,拉近读者与临床的距离,培养读者的中医临床思维。 |
| ● |
| 相关链接 |
|
|
|
|
正题名:金匮要略白话速学
索取号:R222.32/598
 
预约/预借
| 序号 | 登录号 | 条形码 | 馆藏地/架位号 | 状态 | 备注 |
| 1 | 1350619 | 213506197 | 第二样本阅览室/ [索取号:R222.32/598] | 在馆 | |
| 2 | 1350620 | 213506204 | 第三借阅区/ [索取号:R222.32/598] | 在馆 | |
| 3 | 1350621 | 213506213 | 第三借阅区/ [索取号:R222.32/598] | 在馆 |